| 000 | 00350nam a22001577a 4500 | ||
|---|---|---|---|
| 003 | SGT | ||
| 020 | _a9780199459193 | ||
| 082 |
_a610.73 _bP15R |
||
| 100 | _aRANJAN, GEETHANJALI | ||
| 245 | _aPRACTICAL ENGLISH FOR NURSES | ||
| 250 | _a1ST | ||
| 260 |
_aINDIA _bOXFORD PRESS _c2015 |
||
| 300 | _a184 | ||
| 650 | _aNURSING BOOKS | ||
| 942 |
_2ddc _cBK |
||
| 999 |
_c20146 _d20146 |
||